Normal view
MARC view
- Art Works
Entry Topical Term
001 - CONTROL NUMBER
- control field: 90716
003 - CONTROL NUMBER IDENTIFIER
- control field: NUST
005 - DATE AND TIME OF LATEST TRANSACTION
- control field: 20220329102640.0
008 - FIXED-LENGTH DATA ELEMENTS
- fixed length control field: 220329|| aca||aabn | a|a d
040 ## - CATALOGING SOURCE
- Original cataloging agency: NUST
- Transcribing agency: NUST
150 ## - HEADING--TOPICAL TERM
- Topical term or geographic name entry element: Art Works
670 ## - SOURCE DATA FOUND
- Source citation: Work cat.: (NUST)586442: Hull, Sarah 82273, How Art Works, 2015.
